000
00291nam a2200121Ia 4500
008
240719s9999 xx 000 0 und d
041
_a
eng
082
_a
823 DHO
100
_a
Dhondy, Farrukh
245
_a
Hawk And Hyena
260
_a
New Delhi
_b
Copper Coin
_c
2021
300
_a
142 P.; 20 Cm.
999
_c
41159
_d
41159